Представление документа в формате RUSMARC

ПолеНазваниеЗначение
  Тип записи a
  Библиографический уровень m
001 Контрольный номер RU/УОНБ/EK/365528784
005 Дата корректировки 20250916101807.6
010 Индекс ISBN __
a ISBN 978-5-397-01106-8
d Цена 361 р. 10 к.
100 Данные общей обработки __
a Данные общей обработки 20110801d2010 u y0rusy0189||||ca
101 Язык документа 2_
a Язык текста rus
a Язык текста eng
102 Страна публикации __
a Страна публикации RU
105 Кодированные данные (монография) __
a Кодированные данные (монография) y z 001yy
200 Заглавие и сведения об ответственности 1_
a Заглавие Современная американская лингвистика: фундаментальные направления
f Первые сведения об ответственности Моск. гос. ун-т им. М.В. Ломоносова, Филолог. фак.
g Последующие сведения об ответственности под ред. А.А. Кибрика, И.М. Кобозевой, И.А. Секериной
205 Сведения об издании __
a Основные сведения об издании 4-е изд.
210 Выходные данные 1_
a Место издания Москва
c Издательство ЛИБРОКОМ
d Дата издания 2010
215 Физическое описание __
a Объем 480 с.
d Формат 22 см
320 Библиография __
a Библиография Библиогр. в примеч.
606 Тематические рубрики 0_
a Основная рубрика Американская лингвистика
610 Ключевые слова 0_
a Ключевые слова американская лингвистика
686 Индексы других классификаций __
a Классификационный индекс 81.431
2 Код системы rubbk
702 Вторичная интеллектуальная ответственность _1
a Фамилия Кибрик
b Имя (инициалы) А.А.
4 Код отношения 340
702 Вторичная интеллектуальная ответственность _1
a Фамилия Кобозева
b Имя (инициалы) И.М.
4 Код отношения 340
702 Вторичная интеллектуальная ответственность _1
a Фамилия Секерина
b Имя (инициалы) И.А.
4 Код отношения 340
712 Наименование организации (Вторичная ответственность) 02
a Организация/ юрисдикция Московский государственный университет им. М. В. Ломоносова
b Другие уровни Филологический факультет
4 Код отношения 570
801 Источник записи _0
a Страна RU
b Организация Ульяновская ОНБ
c Дата составления 20110801
g Правила каталогизации RCR
801 Источник записи _1
a Страна RU
b Организация Ульяновская ОНБ
c Дата составления 20110801
g Правила каталогизации RCR
901 Тип документа __
t Тип документа m
909 Создатель записи __
a Создатель записи Мейснер
b Дата создания записи 20111011
938 Служебная информация __
a Имя БД books
b Имя библиотеки УОНБ
c Имя АИБС МАРК-SQL
d Номер DOC_ID в БД 268471